Влияние условий реакции на выход лактида; Химия и химическая технология в XXI веке; Т. 2

Xehetasun bibliografikoak
Parent link:Химия и химическая технология в XXI веке: материалы XIV Всероссийской научно-практической конференции имени профессора Л.П. Кулёва студентов и молодых ученых с международным участием, Томск, 13-16 мая 2013 г/ Национальный исследовательский Томский политехнический университет (ТПУ).— , 2013
Т. 2.— 2013.— [С. 141-142]
Egile nagusia: Мирошниченко А. Н.
Erakunde egilea: Национальный исследовательский Томский политехнический университет (ТПУ) Институт природных ресурсов (ИПР) Кафедра технологии органических веществ и полимерных материалов (ТОВПМ)
Beste egile batzuk: Глотова В. Н. Валентина Николаевна (научный руководитель), Новиков В. Т. Виктор Тимофеевич
Gaia:Заглавие с титульного экрана
Hizkuntza:errusiera
Argitaratua: 2013
Saila:Химическая технология полимерных материалов
Gaiak:
Sarrera elektronikoa:http://www.lib.tpu.ru/fulltext/c/2013/C27/V2/072.pdf
Formatua: MixedMaterials Baliabide elektronikoa Liburu kapitulua
KOHA link:https://koha.lib.tpu.ru/cgi-bin/koha/opac-detail.pl?biblionumber=242461

MARC

LEADER 00000naa2a2200000 4500
001 242461
005 20251211090039.0
035 |a (RuTPU)RU\TPU\book\263777 
035 |a RU\TPU\book\263771 
090 |a 242461 
100 |a 20130903d2013 k||y0rusy50 ca 
101 0 |a rus 
102 |a RU 
135 |a drcn ---uucaa 
181 0 |a i  
182 0 |a b 
200 1 |a Влияние условий реакции на выход лактида  |f А. Н. Мирошниченко, В. Н. Глотова  |g науч. рук. В. Т. Новиков 
203 |a Текст  |c электронный 
225 1 |a Химическая технология полимерных материалов 
300 |a Заглавие с титульного экрана 
320 |a [Библиогр.: с. 142 (4 назв.)] 
337 |a Adobe Reader 
461 1 |0 (RuTPU)RU\TPU\book\259433  |t Химия и химическая технология в XXI веке  |o материалы XIV Всероссийской научно-практической конференции имени профессора Л.П. Кулёва студентов и молодых ученых с международным участием, Томск, 13-16 мая 2013 г  |o в 2 т.  |f Национальный исследовательский Томский политехнический университет (ТПУ)  |d 2013 
463 1 |0 (RuTPU)RU\TPU\book\259439  |t Т. 2  |v [С. 141-142]  |d 2013 
610 1 |a труды учёных ТПУ 
610 1 |a электронный ресурс 
610 1 |a реакции 
610 1 |a лактиды 
610 1 |a условия 
700 1 |a Мирошниченко  |b А. Н. 
701 1 |a Глотова  |b В. Н.  |c химик  |c доцент Томского политехнического университета, кандидат технических наук  |f 1981-  |g Валентина Николаевна  |3 (RuTPU)RU\TPU\pers\32048  |9 16095 
702 1 |a Новиков  |b В. Т.  |c химик  |c доцент Томского политехнического университета, кандидат химических наук  |f 1946-  |g Виктор Тимофеевич  |4 727  |9 13515 
712 0 2 |a Национальный исследовательский Томский политехнический университет (ТПУ)  |b Институт природных ресурсов (ИПР)  |b Кафедра технологии органических веществ и полимерных материалов (ТОВПМ)  |3 (RuTPU)RU\TPU\col\18659 
801 2 |a RU  |b 63413507  |c 20170111  |g RCR 
856 4 |u http://www.lib.tpu.ru/fulltext/c/2013/C27/V2/072.pdf 
942 |c CF